| 000 | 01316cad a22002055a 4500 | ||
|---|---|---|---|
| 001 | L153220 | ||
| 008 | 110623s2011 xxk f 000 0 eng d | ||
| 035 | _a(Sirsi) u153220 | ||
| 041 | 0 | _aeng | |
| 100 | 1 | _aRogers, A. D. | |
| 245 | 0 | 0 |
_aInternational earth system expert workshop on ocean stresses and impacts _bsummary report _h[electronic resource] |
| 260 |
_aOxford _bIPSO _c2011 |
||
| 520 | _aPanel of scientists warn that that the oceans are in a worse state than was previously thought arguing that marine life is at high risk of entering a phase of extinction unprecedented in human history. Here, climate change, pollution and over-fishing are acting together in ways that have not previously been recognised and this is already affecting humanity. Recommends an immediate cut in CO2 emissions, urgent actions to restore the structure and function of marine ecosystems and introduction by the UN Security Council and the UN General Assembly of effective governance of the High Seas. | ||
| 590 | _aKA NTK | ||
| 651 | 4 | _aInternational | |
| 690 | _aPROPERTY-RURAL AND NATURAL ASSETS-MARINE RESOURCES-MARINE RESOURCE MANAGEMENT | ||
| 700 | 1 | _aLaffoley, D. d?A | |
| 856 | 4 | 0 |
_uhttps://www.stateoftheocean.org/pdfs/1906_IPSO-LONG.pdf _zView the document free of charge at www.stateoftheocean.org |
| 942 | _n0 | ||
| 999 |
_c112420 _d112420 |
||